Normal view MARC view
  • Rivette Jacques

Entry Personal Name

Number of records used in: 1

001 - CONTROL NUMBER

  • control field: 40494

003 - CONTROL NUMBER IDENTIFIER

  • control field: IT-RoPau

005 - DATE AND TIME OF LATEST TRANSACTION

  • control field: 20151126152108.0

008 - FIXED-LENGTH DATA ELEMENTS

  • fixed length control field: 151126|| aca||aabn | a|a d

040 ## - CATALOGING SOURCE

  • Original cataloging agency: IT-RoPau
  • Transcribing agency: IT-RoPau

100 ## - HEADING--PERSONAL NAME

  • Personal name: Rivette Jacques
  • Miscellaneous information: Codice regista SPICS: 2002

670 ## - SOURCE DATA FOUND

  • Source citation: Work cat.: (IT-RoPau)105276: Rivette Jacques Codice regista SPICS: 2002, SUZANNE SIMONIN LA RELIGIOSA SUZANNE SIMONIN LA RELIGIOSA (Rif. Codice opera principale : C6321)
CREDITS: SOCIETA' SAN PAOLO Via A.Severo, 58 - ROMA (RM) & PERIODICI SAN PAOLO SRL Via Giotto, 36 MILANO & CISF Via Giotto, 36 MILANO & EDIZIONI SAN PAOLO SRL,  Piazza Soncino, 5 CINISELLO BALSAMO (MI) -- ITALY